000 00433nam a2200145Ia 4500
003 GCL
008 140319s9999 xx 000 0 ara d
040 _aGCL /
_cGCL
082 0 4 _a020.5
_bا م
245 1 0 _aمكتبات . نت ( مج3 \ ع 11-12 )
260 _aالقاهرة :
_bايبيس.كوم ،
_c2002
650 0 4 _aالمكتبات والمعلومات
650 0 4 _aالمكتبات الالكترونية
942 _2ddc
_cCR
999 _c7682
_d7682